000
00331nam a22001337a 4500
008
180220b xxu||||| |||| 00| 0 eng d
020
_a
9780471347743
041
_a
eng
080
_a
330.722.6
100
_a
62
101
_a
KF
245
_a
Financial accounting tools for business decision making
_c
Kimmel,P.D
942
_2
udc
_c
BK
999
_c
42902
_d
42902